[Event "Cairo Al Ain op"]
[Site "Cairo"]
[Date "2023.11.29"]
[Round "5"]
[White "Ahmed Salah Saad, Belal"]
[Black "Abdel Mohsen, Ahmed"]
[Result "0-1"]
[WhiteElo "1350"]
[BlackElo "1761"]
[PlyCount "114"]
[EventDate "2023.11.27"]
[EventType "swiss"]
[EventRounds "10"]
[EventCountry "EGY"]
[SourceTitle "CB49_2023"]
[SourceDate "2023.12.06"]
[SourceVersion "1"]
[SourceVersionDate "2023.12.06"]
[SourceQuality "1"]

1. d4 Nf6 2. c4 d5 3. Nc3 e6 4. cxd5 exd5 5. Bg5 Be6 6. Qb3 Nbd7 7. e3 Rb8 8. Bd3 Be7 9. Nge2 0-0 10. 0-0 c5 11. Qc2 c4 12. Bf5 b5 13. Bxe6 fxe6 14. Nf4 Qb6 15. Bh4 b4 16. Nb1 Qd6 17. Bg3 Ne4 18. Ne2 Nxg3 19. Nxg3 Nf6 20. Nd2 h5 21. Qg6 h4 22. Nh5 Nxh5 23. Qxh5 Rf5 24. Qe2 c3 25. bxc3 bxc3 26. Nb3 Rg5 27. f4 Rg6 28. Qd3 Rg4 29. Qxc3 h3 30. g3 g5 31. Qd3 gxf4 32. Rxf4 Rg7 33. Raf1 Qa3 34. Qe2 a5 35. Rg4 Bg5 36. Qf2 Rf8 37. Qxf8+ Qxf8 38. Rxf8+ Kxf8 39. Kf1 Bxe3 40. Rxg7 Kxg7 41. a4 Kf6 42. Ke2 Bg1 43. Kf3 e5 44. dxe5+ Kxe5 45. Nxa5 d4 46. Nc4+ Kd5 47. Nb2 Kc5 48. Kg4 Bxh2 49. Kxh3 Bg1 50. Kg2 Be3 51. Kf3 Bd2 52. Nd1 Kc4 53. Ke2 Bg5 54. Nb2+ Kb4 55. Kd3 Bf6 56. g4 Bd8 57. Kxd4 Bf6+ 0-1